The State of World Fisheries and Aquaculture (Record no. 2826)
[ view plain ]
| 000 -LEADER | |
|---|---|
| fixed length control field | 00312nam a22001217a 4500 |
| 008 - FIXED-LENGTH DATA ELEMENTS--GENERAL INFORMATION | |
| fixed length control field | 230627b xxu||||| |||| 00| 0 eng d |
| 020 ## - INTERNATIONAL STANDARD BOOK NUMBER | |
| International Standard Book Number | 9251039410 |
| 082 ## - DEWEY DECIMAL CLASSIFICATION NUMBER | |
| Classification number | 338.37 |
| Item number | FAO 1997 |
| 245 ## - TITLE STATEMENT | |
| Title | The State of World Fisheries and Aquaculture |
| Remainder of title | 1996 |
| 260 ## - PUBLICATION, DISTRIBUTION, ETC. (IMPRINT) | |
| Place of publication, distribution, etc. | Rome |
| Name of publisher, distributor, etc. | FAO |
| Date of publication, distribution, etc. | 1997 |
| 300 ## - PHYSICAL DESCRIPTION | |
| Extent | V,125p |
| 942 ## - ADDED ENTRY ELEMENTS (KOHA) | |
| Source of classification or shelving scheme | Dewey Decimal Classification |
| Koha item type | Books |
| Withdrawn status | Lost status | Source of classification or shelving scheme | Damaged status | Not for loan | Home library | Current library | Date acquired | Total Checkouts | Full call number | Barcode | Date last seen | Price effective from | Koha item type |
|---|---|---|---|---|---|---|---|---|---|---|---|---|---|
| Dewey Decimal Classification | County Hall Archives | County Hall Archives | 06/27/2023 | 338.37 FAO 1997 | 10010052 | 06/27/2023 | 06/27/2023 | Books | |||||
| Dewey Decimal Classification | County Hall Archives | County Hall Archives | 06/27/2023 | 338.37 FAO 1997 | 10010051 | 06/27/2023 | 06/27/2023 | Books |
